Journal of asthma and allergy

Bibliographic Details
Format: Electronic Journal
Language:English
Published: Auckland, N.Z. : Dove Medical Press
Subjects:
Online Access:Full text available from Research Library: 01/01/2008 to present

MARC

LEADER 00000nas a2200000 a 4500
001 ssj0000396636
003 WaSeSS
005 20200512172242.0
006 m d
007 cr n
008 090424c20089999nz x p s 0 a0eng c
010 |a  2011247770 
016 7 |a 101543450  |2 DNLM 
022 |a 1178-6965  |l 1178-6965 
035 |a (WaSeSS)ssj0000396636 
040 |a NZ1  |b eng  |c NZ1  |d OCLCQ  |d NTE  |d PFM  |d NLM  |d CUS  |d OCLCF  |d OCLCO  |d EUW  |d OCLCO  |d OCLCQ  |d OCLCO  |d OCLCQ  |d CASUM  |d OCLCO  |d OCLCQ  |d OCLCA  |d OCLCQ  |d WaSeSS 
042 |a pcc 
050 4 |a RC591 
060 1 0 |a W1 
082 0 4 |a 616.238005  |2 22 
210 1 |a J. asthma allergy 
222 0 |a Journal of asthma and allergy 
245 0 0 |a Journal of asthma and allergy  |h [electronic resource]. 
260 |a Auckland, N.Z. :  |b Dove Medical Press 
310 |a Irregular 
362 1 |a Began with v. 1 (2008). 
506 |a License restrictions may limit access. 
515 |a Articles added irregularly during the year and collected into annual issues. 
588 |a Description based v. 1 (2008); title from journal home page (viewed Apr. 27, 2009). 
588 |a Latest issue consulted: 2011:4 (viewed Aug. 17, 2011). 
650 0 |a Asthma  |v Periodicals. 
650 0 |a Allergy  |v Periodicals. 
650 7 |a Allergy.  |2 fast  |0 (OCoLC)fst00805549 
650 7 |a Asthma.  |2 fast  |0 (OCoLC)fst00819313 
650 1 2 |a Asthma. 
650 2 2 |a Hypersensitivity. 
655 0 |a Electronic journals. 
856 4 0 |z Full text available from Research Library: 01/01/2008 to present  |u https://search.proquest.com/publication/3933137